000 00838nam a2200265 a 4500
001 BRCA_4776
005 20190320204812.0
008 071010s1936----mx-a######---#000-0#spa-#
041 _aspa
044 _amx
050 4 _aNA5257.M4
_b.C47 3 1936
100 1 _aCervantes, Enrique A.
_9383
245 1 0 _aCatedral Metropolitana
_bsillería del coro
_cEnrique A. Cervantes.
260 _aMéxico
_bSHCP
_c1936
300 _a40 hojas
_bil., 29 láminas
_c29 cm.
500 _aHojas inventariadas por Banco de México como libro
500 _aEjemplar igual a C73, D86 e Y177
500 _aX41
610 2 4 _aCatedral Metropolitana
_zCiudad de México
_912072
650 1 4 _aArquitectura colonial
_97560
650 1 4 _aArquitectura barroca
_zMéxico
_923
650 1 4 _aSillerías del coro
_zMéxico
_912073
902 _aGFM
942 _2lcc
_cB
999 _c4473
_d4473